01359nam a2200313Ia 4500001001200000003000800012006001900020007001500039008004100054040002100095035002100116050002800137110006000165245009900225246003800324246005700362260005500419300001500474490004700489533015200536610006000688650003500748655002900783710003400812710001700846830003900863856012600902999001701028ebr10071892CaPaEBRm u cr cn|||||||||950215s1999 dcu s 000 0 eng d aCaPaEBRcCaPaEBR a(OCoLC)56053498614aTL789.8.U5bN385 1999eb2 aNational Research Council (U.S.).bSpace Studies Board.10aAnnual report.p1998h[electronic resource] /cSpace Studies Board, National Research Council.10aSpace Studies Board annual report10aActivities of the Space Studies Board, annual report aWashington, D.C. :bNational Academy Press,c1999. avi, 126 p.0 aAnnual report: Space Studies Board ;v1998 aElectronic reproduction.bPalo Alto, Calif. :cebrary,d2013.nAvailable via World Wide Web.nAccess may be limited to ebrary affiliated libraries.20aNational Research Council (U.S.).bSpace Studies Board. 0aSpace scienceszUnited States. 7aElectronic books.2local2 aNational Academy Press (U.S.)2 aebrary, Inc. 0aNASA contractor report ;vNASA CR.40uhttp://site.ebrary.com/lib/rucke/Doc?id=10071892zAn electronic book accessible through the World Wide Web; click to view c33461d33461